[Event "Top Jeunes"]
[Site "Mulhouse"]
[Date "2010.12.18"]
[Round "4.2"]
[White "Triboulin, Boyann"]
[Black "Clement, Alexandre"]
[Result "0-1"]
[WhiteElo "1700"]
[BlackElo "1923"]
[PlyCount "120"]
[EventDate "18.??.??"]
[WhiteTeam "Bois-Colombes"]
[BlackTeam "Villepinte"]

1. d4 d5 2. c4 c6 3. e3 Nf6 4. Nc3 e6 5. Nf3 Bd6 6. Bd3 Nbd7 7. O-O dxc4 8.
Bxc4 b5 9. Bd3 Bb7 10. e4 e5 11. Re1 Qb8 12. d5 a6 13. dxc6 Bxc6 14. Bc2 O-O
15. Bb3 Nc5 16. Bd5 Bxd5 17. Nxd5 Ncxe4 18. Nxf6+ Nxf6 19. Qb3 h6 20. h3 Re8
21. Bd2 e4 22. Nd4 Bc5 23. Be3 Qb6 24. Nf5 Bxe3 25. Rxe3 Qe6 26. Qxe6 Rxe6 27.
Rae1 Rae8 28. Nd4 Rd6 29. Nb3 Nd5 30. Rxe4 Rxe4 31. Rxe4 Nb6 32. Rd4 Rxd4 33.
Nxd4 Na4 34. b3 Nc3 35. a3 Kf8 36. Kf1 Ke7 37. Ke1 Kf6 38. Nc2 Ke5 39. Kd2 Ne4+
40. Ke3 Nc5 41. Nd4 Kd5 42. b4 Na4 43. Nf5 Kc4 44. Nxg7 Kb3 45. Nf5 Kxa3 46.
Nxh6 Kxb4 47. Nxf7 Kc3 48. h4 b4 49. Nd6 b3 50. Ne4+ Kc2 51. Nd2 b2 52. Nc4 Nb6
53. Nxb2 Kxb2 54. h5 Nd7 55. h6 Nf8 56. Kd4 a5 57. Ke5 a4 58. Kf6 a3 59. Kg7 a2
60. Kxf8 a1=Q 0-1

[Event "Top Jeunes"]
[Site "Mulhouse"]
[Date "2010.12.18"]
[Round "4.3"]
[White "Bellaiche, Elise"]
[Black "Lam-Roques, Kalvin"]
[Result "1-0"]
[WhiteElo "1896"]
[BlackElo "1871"]
[PlyCount "81"]
[EventDate "18.??.??"]
[WhiteTeam "Villepinte"]
[BlackTeam "Bois-Colombes"]

1. e4 c5 2. Nc3 Nc6 3. f4 g6 4. Bb5 Bg7 5. Nf3 e6 6. Bxc6 bxc6 7. O-O d5 8. e5
Ba6 9. d3 Ne7 10. b3 O-O 11. Ba3 c4 12. dxc4 Qb6+ 13. Qd4 Qxd4+ 14. Nxd4 Rfe8
15. Bxe7 Rxe7 16. Nxc6 Rc7 17. Nb4 Bxc4 18. bxc4 Rxc4 19. Ncxd5 exd5 20. Nxd5
Rxc2 21. Rfc1 Rd2 22. Rd1 Rxd1+ 23. Rxd1 Rb8 24. Ne7+ Kf8 25. Nc6 Ra8 26. Rd7
Rc8 27. Rd8+ Rxd8 28. Nxd8 Ke8 29. Nc6 Bf8 30. Kf1 a6 31. Ke2 Kd7 32. Nd4 Kc7
33. Kd3 Kb6 34. Kc4 Ba3 35. g4 Bc1 36. f5 Bf4 37. e6 fxe6 38. Nxe6 Bxh2 39. f6
Kc6 40. f7 Bd6 41. f8=Q 1-0

[Event "Top Jeunes"]
[Site "Mulhouse"]
[Date "2010.12.18"]
[Round "4.4"]
[White "Joudelat, Noemie"]
[Black "Ek, Alexandre"]
[Result "0-1"]
[WhiteElo "1775"]
[BlackElo "1855"]
[PlyCount "60"]
[EventDate "18.??.??"]
[WhiteTeam "Bois-Colombes"]
[BlackTeam "Villepinte"]

1. e4 c5 2. Nf3 Nc6 3. d4 cxd4 4. Nxd4 g6 5. Nc3 Bg7 6. Be3 Nf6 7. Bc4 d6 8. h3
Qa5 9. f3 Qb4 10. Bb3 Nxe4 11. fxe4 Bxd4 12. Bxd4 Nxd4 13. a3 Qc5 14. Bd5 e6
15. Ba2 Bd7 16. Rf1 O-O 17. Qd2 Rac8 18. Rf2 b5 19. h4 a5 20. O-O-O e5 21. Nd5
Kg7 22. h5 Nxc2 23. h6+ Kh8 24. Nc3 Nxa3 25. Rxf7 Rxf7 26. Bxf7 b4 27. Qg5 Qf2
28. Rd2 Qe1+ 29. Rd1 Rxc3+ 30. bxc3 Qxc3# 0-1

[Event "Top Jeunes"]
[Site "Mulhouse"]
[Date "2010.12.18"]
[Round "4.5"]
[White "O'Sullivan, Thomas"]
[Black "Guerlach, Keigo"]
[Result "1-0"]
[WhiteElo "1813"]
[BlackElo "1639"]
[PlyCount "55"]
[EventDate "18.??.??"]
[WhiteTeam "Villepinte"]
[BlackTeam "Bois-Colombes"]

1. d4 d5 2. c4 e6 3. Nc3 c6 4. Nf3 dxc4 5. a4 Bb4 6. e3 b5 7. Bd2 Bb7 8. Ne4
Bxd2+ 9. Qxd2 a6 10. Qb4 Qe7 11. Nd6+ Kd7 12. Ne5+ Kc7 13. Nexf7 a5 14. Qc5 Nd7
15. Nxb5+ Kb8 16. Qd6+ Qxd6 17. Nbxd6 Kc7 18. Nxb7 Kxb7 19. Nxh8 Nh6 20. Bxc4
Rxh8 21. Bxe6 Nb6 22. O-O Re8 23. Bb3 Nf5 24. Rad1 h5 25. d5 cxd5 26. Bxd5+
Nxd5 27. Rxd5 g6 28. Rxa5 1-0

[Event "Top Jeunes"]
[Site "Mulhouse"]
[Date "2010.12.18"]
[Round "4.8"]
[White "Kocausta, Antoine"]
[Black "Pham, Arthur"]
[Result "0-1"]
[WhiteElo "1630"]
[BlackElo "1009"]
[PlyCount "54"]
[EventDate "18.??.??"]
[WhiteTeam "Villepinte"]
[BlackTeam "Bois-Colombes"]

1. d4 Nf6 2. c4 e6 3. Nc3 b6 4. Nf3 Bb7 5. e3 c5 6. Bd3 Be7 7. O-O O-O 8. Bd2
Qc7 9. e4 h6 10. e5 Nh7 11. d5 d6 12. dxe6 fxe6 13. Be4 Bxe4 14. Nxe4 d5 15.
cxd5 exd5 16. Nc3 d4 17. Nd5 Qd7 18. Qb3 Kh8 19. e6 Qxe6 20. Nc7 Qg6 21. Nxa8
c4 22. Ne5 Qh5 23. Nxc4 Nc6 24. Nc7 Rc8 25. Na6 b5 26. Na3 Bd6 27. Qe6 Qxh2#
0-1

[Event "Top Jeunes"]
[Site "Mulhouse"]
[Date "2010.12.18"]
[Round "4.9"]
[White "Pham, Arthur"]
[Black "Ek, Bora"]
[Result "0-1"]
[WhiteElo "1009"]
[BlackElo "1430"]
[PlyCount "56"]
[EventDate "18.??.??"]
[WhiteTeam "Bois-Colombes"]
[BlackTeam "Villepinte"]

1. e4 c5 2. Nf3 d6 3. Nc3 g6 4. b3 Bg7 5. Bb2 Nf6 6. Qe2 O-O 7. O-O-O Nc6 8. d4
cxd4 9. Nxd4 Nxd4 10. Rxd4 Qb6 11. Nd5 Nxd5 12. Rxd5 Be6 13. Rb5 Qc7 14. g3
Rac8 15. Bxg7 Kxg7 16. Bg2 Bg4 17. Qd2 Bd7 18. Rg5 Kg8 19. h4 Qc3 20. Qxc3 Rxc3
21. h5 Rfc8 22. Kb1 Rxc2 23. hxg6 fxg6 24. Rf1 R2c5 25. Rxc5 Rxc5 26. f4 Bc6
27. g4 Rc3 28. Rf3 Bxe4+ 0-1

[Event "Top Jeunes"]
[Site "Mulhouse"]
[Date "2010.12.18"]
[Round "4.10"]
[White "Ariza, Thomas"]
[Black "Kocausta, Antoine"]
[Result "1-0"]
[WhiteElo "1670"]
[BlackElo "1630"]
[PlyCount "71"]
[EventDate "18.??.??"]
[WhiteTeam "Bois-Colombes"]
[BlackTeam "Villepinte"]

1. e4 c5 2. Nf3 d6 3. d4 b6 4. Bb5+ Bd7 5. Bxd7+ Qxd7 6. dxc5 bxc5 7. Nc3 g6 8.
e5 dxe5 9. Nxe5 Qxd1+ 10. Kxd1 Bg7 11. Nf3 Nf6 12. Nb5 Nd5 13. Ke2 Nc6 14. Rd1
Rb8 15. c4 Nf6 16. Rb1 O-O 17. Be3 a6 18. Nc3 Na5 19. b3 Rbc8 20. Nd5 e6 21.
Ne7+ Kh8 22. Nxc8 Rxc8 23. Ne5 Ne4 24. Nxf7+ Kg8 25. Nd6 Nc3+ 26. Ke1 Nxb1 27.
Nxc8 Nc3 28. Rd8+ Kf7 29. Bxc5 Nb7 30. Nd6+ Nxd6 31. Rxd6 Ne4 32. Rd7+ Kf6 33.
Bd4+ Kf5 34. Rxg7 e5 35. Bb6 Kf6 36. Rxh7 1-0

[Event "Top Jeunes"]
[Site "Mulhouse"]
[Date "2010.12.18"]
[Round "4.1"]
[White "Leriche, Luc"]
[Black "Viennot, Dylan"]
[Result "0-1"]
[WhiteElo "1968"]
[BlackElo "2032"]
[PlyCount "88"]
[EventDate "18.??.??"]
[WhiteTeam "Niort"]
[BlackTeam "Mulhouse"]

1. e4 e6 2. d4 d5 3. Nd2 Be7 4. Ngf3 Nf6 5. e5 Nfd7 6. c3 c5 7. Bd3 Nc6 8. O-O
a5 9. Re1 cxd4 10. cxd4 g5 11. h3 h5 12. Nf1 g4 13. hxg4 hxg4 14. N3h2 Nxd4 15.
Qxg4 Bc5 16. Bg5 Qb6 17. Qf4 Nc6 18. Ng4 Qb4 19. Qf3 Be7 20. a3 Qxb2 21. Bxe7
Nxe7 22. Nf6+ Nxf6 23. exf6 Nc6 24. Qxd5 Qxa1 25. Qxc6+ bxc6 26. Rxa1 Ba6 27.
Be4 Rc8 28. Rb1 Bxf1 29. Rxf1 Rh6 30. Rc1 c5 31. Rc4 Rxf6 32. Ra4 c4 33. Rxa5
c3 34. Bc2 Rf4 35. Re5 Rd4 36. Re2 Rd2 37. Kf1 Rcd8 38. Ba4+ Ke7 39. Ke1 Rxe2+
40. Kxe2 Ra8 41. Bc2 Rxa3 42. Kd3 Kd6 43. Kc4 Ke5 44. Bb3 Rxb3 0-1

[Event "Top Jeunes"]
[Site "Mulhouse"]
[Date "2010.12.18"]
[Round "4.2"]
[White "Muller, Matthieu"]
[Black "Macon, Arthur"]
[Result "0-1"]
[WhiteElo "1904"]
[BlackElo "1981"]
[PlyCount "106"]
[EventDate "18.??.??"]
[WhiteTeam "Mulhouse"]
[BlackTeam "Niort"]

1. e4 e5 2. Nf3 Nc6 3. Bb5 Nf6 4. O-O Nxe4 5. d4 Nd6 6. Bxc6 dxc6 7. dxe5 Nf5
8. Qxd8+ Kxd8 9. Nc3 h6 10. b3 Be6 11. Bb2 c5 12. Rfd1+ Kc8 13. Ne4 b6 14. a4
a5 15. c4 Ne7 16. Rd2 g5 17. h3 Ng6 18. Nf6 Kb7 19. Rad1 Bg7 20. Nh5 Rhg8 21.
Nxg7 Rxg7 22. Rd8 Rg8 23. Rxa8 Rxa8 24. Nh2 Re8 25. Nf1 Bc8 26. Rd5 Nf4 27. Rd2
Ng6 28. Rd5 Ne7 29. Rd2 Nc6 30. Re2 Nd4 31. Bxd4 cxd4 32. Ng3 Ka7 33. Kf1 c5
34. Ke1 g4 35. h4 Bb7 36. Kf1 d3 37. Rd2 Rxe5 38. Rxd3 f5 39. Re3 Rxe3 40. fxe3
Bc8 41. Kf2 Kb8 42. Ne2 Kc7 43. Kg3 Bb7 44. Nc3 Kd6 45. Nd5 Bxd5 46. cxd5 Kxd5
47. Kf4 Ke6 48. h5 Kf6 49. g3 Ke6 50. e4 fxe4 51. Kxe4 Kd6 52. Kf5 b5 53. Kxg4
c4 0-1

[Event "Top Jeunes"]
[Site "Mulhouse"]
[Date "2010.12.18"]
[Round "4.3"]
[White "Habiballah, Anass"]
[Black "Devoille, Hugo"]
[Result "0-1"]
[WhiteElo "1520"]
[BlackElo "1753"]
[PlyCount "46"]
[EventDate "18.??.??"]
[WhiteTeam "Niort"]
[BlackTeam "Mulhouse"]

1. e4 c5 2. Nf3 e6 3. d4 cxd4 4. Nxd4 Nc6 5. Ne2 Nf6 6. Nbc3 Bb4 7. Bd2 O-O 8.
g3 Ne5 9. Nd4 Qb6 10. Ndb5 a6 11. Be3 Bxc3+ 12. Nxc3 Qxb2 13. Rb1 Qxc3+ 14. Bd2
Qc7 15. Bb4 Re8 16. Bd6 Qc3+ 17. Ke2 Qf3+ 18. Ke1 Qxh1 19. Bxe5 Qxe4+ 20. Qe2
Qxe2+ 21. Bxe2 d5 22. Bf3 b5 23. Bd6 Ne4 0-1

[Event "Top Jeunes"]
[Site "Mulhouse"]
[Date "2010.12.18"]
[Round "4.4"]
[White "Veys, Vincent"]
[Black "Chauvet, Etienne"]
[Result "1-0"]
[WhiteElo "1730"]
[BlackElo "1520"]
[PlyCount "80"]
[EventDate "18.??.??"]
[WhiteTeam "Mulhouse"]
[BlackTeam "Niort"]

1. e4 d6 2. Nc3 Nf6 3. d3 g6 4. g3 Bg7 5. Bg2 O-O 6. Nge2 Na6 7. O-O c5 8. h3
Rb8 9. g4 b5 10. f4 b4 11. Nb1 Nc7 12. Ng3 Nb5 13. Nd2 a5 14. Nf3 Nd4 15. Rb1
Ba6 16. Be3 Nxf3+ 17. Bxf3 Ne8 18. f5 Nc7 19. Qd2 Re8 20. Bg2 a4 21. Qf2 Rf8
22. g5 Be5 23. Ne2 b3 24. axb3 axb3 25. c4 Bc8 26. Qh4 Na6 27. f6 exf6 28. gxf6
Rb6 29. Bg5 h5 30. Bf3 Nc7 31. Nc3 Be6 32. Bxh5 gxh5 33. Qxh5 Ne8 34. Nd5 Bxd5
35. exd5 Nxf6 36. Qh4 Ra6 37. Bxf6 Bxf6 38. Rxf6 Re8 39. Qg5+ Kf8 40. Rxf7+
Kxf7 1-0

[Event "Top Jeunes"]
[Site "Mulhouse"]
[Date "2010.12.18"]
[Round "4.5"]
[White "Barbotte, Leo"]
[Black "Guerry, Emilien"]
[Result "0-1"]
[WhiteElo "1510"]
[BlackElo "1640"]
[PlyCount "56"]
[EventDate "18.??.??"]
[WhiteTeam "Niort"]
[BlackTeam "Mulhouse"]

1. e4 c5 2. Nc3 e6 3. g3 Nc6 4. Bg2 Nf6 5. Nge2 Be7 6. O-O O-O 7. d3 h6 8. h3
a6 9. Be3 b5 10. Qd2 Bb7 11. f4 d6 12. d4 cxd4 13. Nxd4 Rb8 14. Nxc6 Bxc6 15.
e5 Bxg2 16. exf6 Bxf1 17. fxe7 Qxe7 18. Rxf1 Rfd8 19. f5 exf5 20. Rxf5 Qe6 21.
Rf2 Qxh3 22. Ne4 f5 23. Rh2 Qg4 24. Rxh6 Qxe4 25. Bg5 gxh6 26. Bxh6 f4 27. gxf4
Qg6+ 28. Bg5 Re8 0-1

[Event "Top Jeunes"]
[Site "Mulhouse"]
[Date "2010.12.18"]
[Round "4.6"]
[White "Hug, Roxana"]
[Black "Barbotte, Pierre"]
[Result "1/2-1/2"]
[WhiteElo "1560"]
[BlackElo "1470"]
[PlyCount "24"]
[EventDate "18.??.??"]
[WhiteTeam "Mulhouse"]
[BlackTeam "Niort"]

1. e4 d6 2. d4 Nf6 3. Nc3 g6 4. Nf3 Bg7 5. Bc4 O-O 6. O-O Na6 7. a3 c5 8. Be3
Bg4 9. h3 Bxf3 10. Qxf3 Qc7 11. Be2 Qb6 12. Na4 Qc6 1/2-1/2

[Event "Top Jeunes"]
[Site "Mulhouse"]
[Date "2010.12.18"]
[Round "4.7"]
[White "Gaubert, Cedric"]
[Black "Burri, Quentin"]
[Result "0-1"]
[WhiteElo "1009"]
[BlackElo "1720"]
[PlyCount "54"]
[EventDate "18.??.??"]
[WhiteTeam "Niort"]
[BlackTeam "Mulhouse"]

1. d4 f5 2. e3 Nf6 3. Bd3 g6 4. f4 Bg7 5. Nf3 e6 6. O-O O-O 7. Qe1 Nc6 8. Ne5
Nxe5 9. dxe5 Nd5 10. b3 d6 11. Ba3 Re8 12. Nc3 dxe5 13. Rd1 Nxc3 14. Qxc3 e4
15. Bb5 Bxc3 16. Rxd8 Rxd8 17. Be7 Rd2 18. Rf2 Rxf2 19. Kxf2 c6 20. Bc4 b5 21.
Be2 e5 22. fxe5 Bxe5 23. a4 a6 24. c4 Be6 25. cxb5 axb5 26. axb5 cxb5 27. Bxb5
Bxb3 0-1

[Event "Top Jeunes"]
[Site "Mulhouse"]
[Date "2010.12.18"]
[Round "4.8"]
[White "Habiballah, Linda"]
[Black "Rambeaux, Solene"]
[Result "0-1"]
[WhiteElo "1120"]
[BlackElo "1480"]
[PlyCount "70"]
[EventDate "18.??.??"]
[WhiteTeam "Niort"]
[BlackTeam "Mulhouse"]

1. e4 c5 2. Nc3 d6 3. g3 Nf6 4. d3 g6 5. f4 Bg7 6. Bg2 O-O 7. h3 Nc6 8. Nf3 Qc7
9. O-O a6 10. Be3 b5 11. Qd2 Bd7 12. g4 b4 13. Ne2 e5 14. f5 Qb6 15. Ng3 d5 16.
g5 Ne8 17. Nh4 d4 18. Bf2 Nd6 19. f6 Bh8 20. Rac1 c4 21. c3 bxc3 22. bxc3 Qc7
23. Qe2 Rab8 24. a4 Rb3 25. Qf3 Rfb8 26. Rfe1 Rb2 27. Nhf5 Bxf5 28. exf5 Na5
29. fxg6 fxg6 30. Qg4 Ra2 31. Bd5+ Kf8 32. Rxe5 Rbb2 33. Rf1 dxc3 34. Ba7 Qxa7+
35. Kh1 Rh2# 0-1

[Event "Top Jeunes"]
[Site "Mulhouse"]
[Date "2010.12.18"]
[Round "4.9"]
[White "Rambeaux, Solene"]
[Black "Gaubert, Cedric"]
[Result "1-0"]
[WhiteElo "1480"]
[BlackElo "1009"]
[PlyCount "87"]
[EventDate "18.??.??"]
[WhiteTeam "Mulhouse"]
[BlackTeam "Niort"]

1. d4 d5 2. c4 e6 3. Nf3 Bd6 4. g3 c6 5. Bg2 Bc7 6. O-O f5 7. Bg5 Nf6 8. Nc3 b6
9. Qc2 Qd6 10. Bf4 Qd8 11. Bxc7 Qxc7 12. a4 O-O 13. b4 Ne4 14. Nxe4 dxe4 15.
Ne5 Nd7 16. Nxd7 Qxd7 17. e3 Rf6 18. Rfd1 Qf7 19. c5 Ba6 20. Rdb1 Bd3 21. Qb3
Bxb1 22. Rxb1 b5 23. axb5 cxb5 24. Qc3 Rc8 25. c6 Qh5 26. h4 Rc7 27. Qc5 g5 28.
Qxb5 gxh4 29. Qb8+ Rf8 30. Qxc7 hxg3 31. Qxg3+ Kh8 32. Qe5+ Kg8 33. Qxe6+ Kh8
34. c7 Re8 35. c8=Q Rxc8 36. Qxc8+ Kg7 37. d5 Qf7 38. d6 Qa2 39. Rd1 Qe2 40.
Rf1 h5 41. d7 Qg4 42. d8=Q h4 43. Qg8+ Kf6 44. Qce6# 1-0

[Event "Top Jeunes"]
[Site "Mulhouse"]
[Date "2010.12.18"]
[Round "4.10"]
[White "Burri, Quentin"]
[Black "Habiballah, Linda"]
[Result "1-0"]
[WhiteElo "1720"]
[BlackElo "1120"]
[PlyCount "63"]
[EventDate "18.??.??"]
[WhiteTeam "Mulhouse"]
[BlackTeam "Niort"]

1. d4 d5 2. c4 e6 3. Nc3 Bd6 4. Nf3 c6 5. e3 f5 6. Be2 Nf6 7. Qc2 O-O 8. b3 Bb4
9. O-O Qd6 10. c5 Qc7 11. Na4 b5 12. Nb2 Ng4 13. h3 Nf6 14. a3 Qa5 15. Nd3 Bc3
16. b4 Qc7 17. Qxc3 Ne4 18. Qc2 Nd7 19. Nf4 e5 20. Ne6 Qb8 21. Nxf8 Nxf8 22.
Nxe5 Qb7 23. Bh5 Ne6 24. Be8 Qc7 25. Bxc6 Rb8 26. Bxd5 Qe7 27. Nc6 Qd7 28.
Bxe6+ Qxe6 29. d5 Qg6 30. Ne7+ Kf7 31. Nxg6 Kxg6 32. Qd1 1-0

[Event "Top Jeunes"]
[Site "Mulhouse"]
[Date "2010.12.18"]
[Round "4.6"]
[White "Bonnin, Remi"]
[Black "Le Menelec, Erwan-Son"]
[Result "0-1"]
[WhiteElo "1360"]
[BlackElo "1716"]
[PlyCount "60"]
[EventDate "18.??.??"]
[WhiteTeam "Bois-Colombes"]
[BlackTeam "Villepinte"]

1. e4 e5 2. Nf3 Nf6 3. d3 Nc6 4. Bg5 Be7 5. Nc3 O-O 6. d4 exd4 7. Nxd4 Nxe4 8.
Bxe7 Qxe7 9. Be2 Nxc3 10. bxc3 Qc5 11. Qd2 Ne5 12. O-O d5 13. Nb3 Qd6 14. f4
Ng4 15. Nd4 Nf6 16. Qe3 Re8 17. Qd3 Ne4 18. f5 Qc5 19. c4 dxc4 20. Qe3 Nd6 21.
Qf2 Ne4 22. Qe3 Bd7 23. c3 Nxc3 24. Qxc3 Rxe2 25. Kh1 Re5 26. Rad1 Rd5 27. Rf4
Ba4 28. Rd2 Re8 29. h3 Qd6 30. Rg4 Re1# 0-1

[Event "Top Jeunes"]
[Site "Mulhouse"]
[Date "2010.12.18"]
[Round "4.7"]
[White "Ek, Bora"]
[Black "Ariza, Thomas"]
[Result "0-1"]
[WhiteElo "1430"]
[BlackElo "1670"]
[PlyCount "51"]
[EventDate "18.??.??"]
[WhiteTeam "Villepinte"]
[BlackTeam "Bois-Colombes"]

1. e4 e6 2. d4 d5 3. e5 c5 4. c3 Nc6 5. Nf3 Qb6 6. a3 a5 7. Bd3 Bd7 8. Bc2 Nh6
9. O-O Nf5 10. Bxf5 exf5 11. dxc5 Bxc5 12. Qxd5 Be6 13. Qd2 h6 14. Qe2 O-O 15.
Nbd2 Rfd8 16. h3 Rd7 17. Nh2 Rad8 18. Ndf3 Kh7 19. b4 axb4 20. axb4 Be7 21. Be3
Qc7 22. Nd4 Nxd4 23. Bxd4 Bxb4 24. Qe3 Ba5 25. Rxa5 Qxa5 26. Bb6 0-1

[Event "Top Jeunes"]
[Site "Mulhouse"]
[Date "2010.12.19"]
[Round "5.1"]
[White "Lemeille, Francois"]
[Black "Kirk, Ezra"]
[Result "1/2-1/2"]
[WhiteElo "2049"]
[BlackElo "2127"]
[PlyCount "58"]
[EventDate "19.??.??"]
[WhiteTeam "Bois-Colombes"]
[BlackTeam "Clichy"]

1. e4 c5 2. Nf3 Nc6 3. Bb5 g6 4. c3 Nf6 5. e5 Nd5 6. O-O Bg7 7. d4 cxd4 8. cxd4
O-O 9. Nc3 Nc7 10. Bf4 Nxb5 11. Nxb5 Qb6 12. Qd3 a6 13. Na3 Nb4 14. Qb3 a5 15.
Nc2 d6 16. Nxb4 axb4 17. Bd2 dxe5 18. dxe5 Bg4 19. Rfe1 Bxf3 20. Qxf3 Qd4 21.
Bg5 Bxe5 22. Qxb7 Qxb2 23. Rab1 Qxa2 24. Bxe7 Bd4 25. Qf3 Rfe8 26. Bxb4 Rec8
27. Rbd1 Rc4 28. Bd2 Rc2 29. Be3 Bxe3 1/2-1/2

[Event "Top Jeunes"]
[Site "Mulhouse"]
[Date "2010.12.19"]
[Round "5.2"]
[White "Eid, Maha"]
[Black "Triboulin, Boyann"]
[Result "1-0"]
[WhiteElo "2067"]
[BlackElo "1700"]
[PlyCount "67"]
[EventDate "19.??.??"]
[WhiteTeam "Clichy"]
[BlackTeam "Bois-Colombes"]

1. d4 d5 2. c4 e6 3. Nc3 Nf6 4. cxd5 exd5 5. Bg5 Bb4 6. e3 O-O 7. Bd3 h6 8. Bh4
Nbd7 9. Nge2 b6 10. Qc2 c5 11. O-O Bb7 12. a3 Bxc3 13. bxc3 Rc8 14. Qd1 Qe7 15.
Re1 Rfe8 16. Bf5 g5 17. Bg3 Ne4 18. f3 Nd6 19. Bxd6 Qxd6 20. Ng3 cxd4 21. cxd4
Rc4 22. Bd3 Rc3 23. Nf5 Qf6 24. Qd2 Rc6 25. e4 dxe4 26. fxe4 Rce6 27. e5 Nxe5
28. dxe5 Rxe5 29. Rxe5 Rxe5 30. Rf1 Rd5 31. Qe3 Kf8 32. Qg3 Bc8 33. Be4 Bxf5
34. Bxd5 1-0

[Event "Top Jeunes"]
[Site "Mulhouse"]
[Date "2010.12.19"]
[Round "5.3"]
[White "Lam-Roques, Kalvin"]
[Black "Kambrath, Yannick"]
[Result "0-1"]
[WhiteElo "1871"]
[BlackElo "2044"]
[PlyCount "54"]
[EventDate "19.??.??"]
[WhiteTeam "Bois-Colombes"]
[BlackTeam "Clichy"]

1. e4 e5 2. Nf3 Nc6 3. Bb5 a6 4. Ba4 Nf6 5. O-O b5 6. Bb3 Bb7 7. Re1 Bc5 8. c3
Bb6 9. d4 d6 10. Qd3 h6 11. Nbd2 O-O 12. Nf1 Ne7 13. Ng3 Ng6 14. Be3 c5 15. Bc2
Qc7 16. d5 c4 17. Qd2 Bc8 18. h3 Bd7 19. Bxb6 Qxb6 20. Qe3 Rfb8 21. Qxb6 Rxb6
22. a3 a5 23. Nd2 Bc8 24. a4 Ba6 25. axb5 Bxb5 26. Ra2 Nd7 27. Rea1 Rba6 {
suite illisible} 0-1

[Event "Top Jeunes"]
[Site "Mulhouse"]
[Date "2010.12.19"]
[Round "5.4"]
[White "Eid, Amine"]
[Black "Joudelat, Noemie"]
[Result "1-0"]
[WhiteElo "1917"]
[BlackElo "1775"]
[PlyCount "91"]
[EventDate "19.??.??"]
[WhiteTeam "Clichy"]
[BlackTeam "Bois-Colombes"]

1. e4 c5 2. Nf3 Nc6 3. d4 cxd4 4. Nxd4 g6 5. Nc3 Bg7 6. Be3 Nf6 7. Bc4 d6 8. f3
Bd7 9. Bb3 a5 10. Qd2 Rc8 11. O-O-O Nxd4 12. Bxd4 O-O 13. h4 b5 14. Nd5 Nxd5
15. Bxg7 Kxg7 16. Bxd5 h5 17. Qd4+ Kh7 18. e5 Qc7 19. Be4 d5 20. Qxd5 Be6 21.
Qxb5 Rb8 22. Qa4 Qxe5 23. Qd4 Qf4+ 24. Kb1 Qc7 25. b3 Rb4 26. Qe3 f5 27. Bd5
Bxd5 28. Rxd5 Rc8 29. Rd2 a4 30. a3 Rb7 31. b4 Rcb8 32. Qd4 Qa5 33. Ka2 Qa6 34.
Re1 Re8 35. Qd5 e6 36. Qd4 Qc6 37. Re5 Rbe7 38. c4 Rc7 39. Rc5 Qb7 40. Rxc7+
Qxc7 41. c5 Qf7 42. c6 e5+ 43. Qd5 Qf6 44. c7 Qe7 45. Qd7 Qxd7 46. Rxd7+ 1-0

[Event "Top Jeunes"]
[Site "Mulhouse"]
[Date "2010.12.19"]
[Round "5.5"]
[White "Guerlach, Keigo"]
[Black "Vigna, Leo"]
[Result "1/2-1/2"]
[WhiteElo "1639"]
[BlackElo "1685"]
[PlyCount "57"]
[EventDate "19.??.??"]
[WhiteTeam "Bois-Colombes"]
[BlackTeam "Clichy"]

1. d4 Nf6 2. Nf3 e6 3. Bf4 Nc6 4. Nc3 Bb4 5. a3 Bxc3+ 6. bxc3 Ne4 7. Qd3 d5 8.
Nd2 Nd6 9. e4 Na5 10. Qg3 O-O 11. Bd3 Re8 12. O-O b6 13. Bxd6 cxd6 14. exd5
exd5 15. Rfe1 Be6 16. Re3 Nc4 17. Nxc4 dxc4 18. Be4 d5 19. Bf3 Qd7 20. Rae1 h6
21. h3 Rad8 22. Bg4 Bxg4 23. Qxg4 Rxe3 24. Rxe3 Qxg4 25. hxg4 Kf8 26. Kf1 Re8
27. Ke2 Re6 28. Rxe6 fxe6 29. f4 1/2-1/2

[Event "Top Jeunes"]
[Site "Mulhouse"]
[Date "2010.12.19"]
[Round "5.6"]
[White "Kieffer, Anatole"]
[Black "Bonnin, Remi"]
[Result "1-0"]
[WhiteElo "1671"]
[BlackElo "1360"]
[PlyCount "71"]
[EventDate "19.??.??"]
[WhiteTeam "Clichy"]
[BlackTeam "Bois-Colombes"]

1. e4 e6 2. d4 d5 3. Nc3 Bb4 4. e5 Bxc3+ 5. bxc3 c5 6. Nf3 c4 7. Be2 Ne7 8. Ba3
O-O 9. O-O b6 10. Qd2 h6 11. h3 Bb7 12. Nh2 Nbc6 13. f4 Re8 14. g4 g6 15. Rf3
a5 16. Raf1 b5 17. Bc5 b4 18. Rb1 Qc8 19. Rg3 Qd7 20. Nf3 Kg7 21. Nh4 Ra6 22.
Rf1 Qc8 23. f5 Ng8 24. fxg6 fxg6 25. Rgf3 Nd8 26. Bf8+ Rxf8 27. Rxf8 Qd7 28. g5
h5 29. Qd1 Qe7 30. R8f6 Bc6 31. Bxh5 gxh5 32. Qxh5 Be8 33. Ng6 Nxf6 34. gxf6+
Kg8 35. Qh8+ Kf7 36. Qh7# 1-0

[Event "Top Jeunes"]
[Site "Mulhouse"]
[Date "2010.12.19"]
[Round "5.7"]
[White "Ariza, Thomas"]
[Black "Banat, Samy"]
[Result "1-0"]
[WhiteElo "1670"]
[BlackElo "1470"]
[PlyCount "67"]
[EventDate "19.??.??"]
[WhiteTeam "Bois-Colombes"]
[BlackTeam "Clichy"]

1. e4 c5 2. Nf3 d6 3. d4 cxd4 4. Nxd4 Nf6 5. Nc3 g6 6. Be3 Bg7 7. Bc4 Nc6 8.
O-O O-O 9. Rb1 Na5 10. Bb5 Bd7 11. Qe2 Nc6 12. Rfd1 Nxd4 13. Bxd4 a6 14. Bxd7
Qxd7 15. Bxf6 Bxf6 16. Nd5 Qd8 17. Nxf6+ exf6 18. Qd2 Rc8 19. c3 Rc6 20. h3 Re8
21. Qf4 Qe7 22. Rd4 Qe5 23. Qd2 Rd8 24. Rd1 Kg7 25. Kh1 f5 26. Qg5 f6 27. Qe3
Re8 28. Re1 b5 29. a3 Rc4 30. Rxc4 bxc4 31. Qa7+ Qe7 32. Qxa6 fxe4 33. Qxc4 Qa7
34. Kg1 1-0

[Event "Top Jeunes"]
[Site "Mulhouse"]
[Date "2010.12.19"]
[Round "5.8"]
[White "Pham, Arthur"]
[Black "Banat, Rayan"]
[Result "0-1"]
[WhiteElo "1009"]
[BlackElo "1560"]
[PlyCount "54"]
[EventDate "19.??.??"]
[WhiteTeam "Bois-Colombes"]
[BlackTeam "Clichy"]

1. e4 d5 2. e5 e6 3. d4 Ne7 4. c4 c6 5. Nc3 Ng6 6. c5 Be7 7. Nf3 O-O 8. g3 b6
9. b4 a5 10. Ba3 axb4 11. Bxb4 Na6 12. Qa4 Bb7 13. Bxa6 Rxa6 14. Qc2 bxc5 15.
dxc5 Qc7 16. Qe2 Qd7 17. O-O Rd8 18. Rad1 Ra7 19. Qe3 Ba6 20. Rfe1 Bc4 21. a3
f6 22. Kg2 f5 23. h3 Rf8 24. Kh2 f4 25. gxf4 Rxf4 26. Ne2 Bxe2 27. Rxe2 Re4 0-1

[Event "Top Jeunes"]
[Site "Mulhouse"]
[Date "2010.12.19"]
[Round "5.9"]
[White "Banat, Rayan"]
[Black "Pham, Arthur"]
[Result "0-1"]
[WhiteElo "1560"]
[BlackElo "1009"]
[PlyCount "52"]
[EventDate "19.??.??"]
[WhiteTeam "Clichy"]
[BlackTeam "Bois-Colombes"]

1. d4 Nf6 2. Bf4 e6 3. e3 b6 4. Bd3 Bb7 5. Nf3 c5 6. c3 Nc6 7. Nbd2 d5 8. Ne5
c4 9. Nxc6 Bxc6 10. Bc2 Bd6 11. Bg3 Bxg3 12. hxg3 Qd6 13. Ba4 O-O-O 14. Nf3 Qd7
15. Ne5 Bxa4 16. Nxd7 Bxd1 17. Nxf6 Ba4 18. Ng4 f5 19. Ne5 Rhf8 20. Rxh7 g5 21.
b3 Bb5 22. bxc4 Bxc4 23. Nc6 Rh8 24. Rxh8 Rxh8 25. Ne5 Rh1+ 26. Kd2 Rxa1 0-1

[Event "Top Jeunes"]
[Site "Mulhouse"]
[Date "2010.12.19"]
[Round "5.10"]
[White "Banat, Samy"]
[Black "Ariza, Thomas"]
[Result "0-1"]
[WhiteElo "1470"]
[BlackElo "1670"]
[PlyCount "116"]
[EventDate "19.??.??"]
[WhiteTeam "Clichy"]
[BlackTeam "Bois-Colombes"]

1. d4 d5 2. c4 e6 3. cxd5 exd5 4. Nc3 Nf6 5. Nf3 Bd6 6. Bg5 c6 7. Ne5 Nbd7 8.
Nxd7 Bxd7 9. Qd2 Be7 10. Bxf6 Bxf6 11. e3 Bf5 12. Bd3 Qd7 13. Qc2 Bxd3 14. Qxd3
O-O 15. O-O Be7 16. Rfe1 Bb4 17. Rac1 Rfe8 18. a3 Bxc3 19. Rxc3 Re6 20. Qf5 Rd6
21. Qxd7 Rxd7 22. Rd3 Re8 23. f3 Rde7 24. Kf2 f5 25. Rd2 f4 26. Rde2 fxe3+ 27.
Rxe3 Rxe3 28. Rxe3 Rxe3 29. Kxe3 Kf7 30. f4 Kf6 31. g4 g6 32. h3 b6 33. b4 a5
34. Kf3 Ke6 35. Ke3 Kd6 36. Kd3 a4 37. f5 gxf5 38. gxf5 Ke7 39. Ke3 Kf6 40. Kf4
h5 41. h4 b5 42. Kg3 Kxf5 43. Kf3 Kf6 44. Kf4 c5 45. dxc5 Ke6 46. c6 Kd6 47. c7
Kxc7 48. Ke5 Kc6 49. Kf4 Kd6 50. Ke3 Ke5 51. Kd3 d4 52. Ke2 Ke4 53. Kd2 d3 54.
Ke1 Kd4 55. Kd2 Kc4 56. Ke1 Kc3 57. Kd1 d2 58. Ke2 Kc2 0-1